Satellite Image Quiz #4 - Statistics

General Stats
  • This quiz has been taken 20 times
  • The average score is 7 of 10
Answer Stats
Picture Answer % Correct
Bahamas | United States of America
100%
Canada | United States of America
89%
Colombia | Panama
89%
Egypt
89%
Armenia | Azerbaijan | Georgia | Russia | Turkey
78%
China | Laos | Thailand | Vietnam
78%
Cuba | Haiti | Jamaica
78%
Bangladesh | India
50%
Greece | Turkey
44%
Austria | Croatia | Hungary | Slovenia
39%
No matching quizzes found
Score Distribution
Percent of People with Each Score
Percentile by Number Answered
Your Score History
You have not taken this quiz